One planet to share : (Record no. 18408)

000 -LEADER
fixed length control field 00650cam a2200193 i 4500
020 ## - INTERNATIONAL STANDARD BOOK NUMBER
ISBN 9780415625708
040 ## - CATALOGING SOURCE
Transcribing agency DLC
082 ## - DEWEY DECIMAL CLASSIFICATION NUMBER
Classification number 333 UND 2012 C144 Or.
245 00 - TITLE STATEMENT
Title One planet to share :
Remainder of title sustaining human progress in a changing climate.
300 ## - PHYSICAL DESCRIPTION
Number of Pages xxi, 242 pages :
Other physical details illustrations ;
Dimensions 28 cm.
490 0# - SERIES STATEMENT
Series statement Asia Pacific human development report
500 ## - GENERAL NOTE
General note "Assigned UN sales number: E.12.III.B.2"--Title page verso.
650 #0 - SUBJECT ADDED ENTRY--TOPICAL TERM
Topical Term Sustainable development
650 #0 - SUBJECT ADDED ENTRY--TOPICAL TERM
Topical Term Sustainable development
650 #0 - SUBJECT ADDED ENTRY--TOPICAL TERM
Topical Term Environemental policy
650 #0 - SUBJECT ADDED ENTRY--TOPICAL TERM
Topical Term Environemental policy
710 2# - ADDED ENTRY--CORPORATE NAME
Corporate name or jurisdiction name as entry element United Nations Development Programme
942 ## - ADDED ENTRY ELEMENTS (KOHA)
Koha item type ADB
952 ## - LOCATION AND ITEM INFORMATION (KOHA)
Withdrawn status [LOCAL, KOHA] 0
Holdings
Source of acquisition Permanent Location Date acquired Koha item type Lost status Shelving location Current Location Full call number
A37212Library Block C2019-11-19សៀវភៅភាសាអង់គ្លេស C144Library Block C333 UND 2012 C144 Or.
មជ្ឈមណ្ឌលឯការនៃសាកលវិទ្យាល័យភូមិន្ទកសិកម្មចំការដូង

Powered by Koha